Kości czaszki - Statystyki

Ogólne statystyki
  • Ten quiz został rozwiązany 1 214 razy
  • Średni wynik to 8 z 15
Statystyki odpowiedzi
Kość ilość % Poprawnych
Potyliczna 1
93%
Skroniowa 2
88%
Czołowa 1
85%
Żuchwa 1
80%
Nosowa 2
75%
Ciemieniowa 2
74%
Jarzmowa 2
62%
Klinowa 1
56%
Łzowa 2
36%
Szczękowa 2
34%
Sitowa 1
33%
Lemiesz 1
19%
Gnykowa 1
15%
Podniebienna 2
15%
Małżowina nosowa dolna 2
5%
Nie znaleziono quizów pasujących do podanych kryteriów
Rozkład punktacji
Procent ludzi z każdym wynikiem
Percentyl według liczby udzielonych odpowiedzi
Twoja historia wyników
Nie rozwiązałeś tego quizu